000 00608nam a2200205Ia 4500
001 15300
003 GE_BSU
008 181216s||||||||xx |||||||||||||| ||und||
040 _cGE_BSU
080 _a821.353.1-32
100 _aყაზბეგი,ალექსანდრე
245 _aმოთხრობები
245 _cშემდგ.:თეიმურაზ მაღლაფერიძე;
260 _aთბილისი
260 _bნაკადული
260 _c1987
300 _a431გვ.20სმ.
653 _aმოთხრობები
942 _cBK
999 _c48408
_d48408